| 000 | 00480nam a2200193Ia 4500 | ||
|---|---|---|---|
| 005 | 20240823050405.0 | ||
| 008 | 240823s9999||||xx |||||||||||||| ||und|| | ||
| 041 | _aENGLISH | ||
| 082 | _A005.133 N2 FOR | ||
| 100 | _aArora P N | ||
| 245 | 0 | _aFortran IV For Computers | |
| 250 | _a2nd | ||
| 260 |
_c1992 _b"S,Chand,New Delhi" |
||
| 500 | _aTransfered | ||
| 650 |
_aProgramming Language _bComputer Applications |
||
| 700 | _a Harjeet Singh | ||
| 942 | _cBK | ||
| 999 |
_c217142 _d217142 |
||